000 00787nam a2200265 a 4500
001 BRCA_3705
005 20190320204405.0
008 090909s195?----fr-a---###---#000-0#fre-#
041 _afre
044 _afr
050 4 _aNK2547
_b.M48 3
_c1959
245 1 0 _aMeubles et ensembles
_bRegence Louis XV
_cintroduction par Jacques Mottheau.
260 _aParis
_bCh. Massin
_c[1959]
300 _a1 v. (sin paginación)
_bil., 36 láminas
_c29 cm.
440 0 _aMeubles et ensembles
_v3
_99634
500 _aIncluye lista de láminas
500 _aB342
650 1 4 _aMuebles Luis XV
_99635
650 1 4 _aMuebles franceses
_99636
650 1 4 _aMuebles barrocos
_99362
650 1 4 _aMuebles Regencia
_99637
700 1 _aMottheau, Jacques
_eintrod
_99638
902 _aGFM
942 _2lcc
_cB
999 _c3435
_d3435